| 000 | 00883nam a22002537a 4500 | ||
|---|---|---|---|
| 003 | OSt | ||
| 005 | 20150408114134.0 | ||
| 008 | 120503s2013 stka g b 001 0 eng | ||
| 020 | _a9780702035432 | ||
| 020 | _a9780702035449 (International) | ||
| 040 | _aMa-Un | ||
| 082 | 0 | 0 |
_222 _a616.075 _bMAC |
| 245 | 0 | 0 |
_aMacleod's clinical diagnosis / _cedited by Alan G. Japp, Colin Robertson ; associate editor, Iain Hennessey. |
| 246 | 1 | _aClinical diagnosis | |
| 260 |
_aEdinburgh : _bChurchill Livingstone/Elsevier, _c2013. |
||
| 300 |
_axi, 227 p. : _bill. ; _c24 cm. |
||
| 504 | _aIncludes bibliographical references and index. | ||
| 650 |
_aDiagnostic Techniques and Procedures. _916137 |
||
| 700 | 1 |
_aJapp, Alan. _936063 |
|
| 700 | 1 |
_aRobertson, Colin _q(Colin Ernest) _917509 |
|
| 700 | 1 |
_aHennessey, Iain. _936064 |
|
| 700 | 1 |
_aMacleod, John, _d1915- _917506 |
|
| 942 |
_2ddc _cBOOK |
||
| 999 |
_c30113 _d264613 |
||